Missing Word: Beverages (A-Z) Quiz Stats

 Plays Quiz Updated Sep 14, 2015

Challenge
Share
Tweet
Embed
Score 0/24 Timer 03:00
0 Plays Today
Hint Answer % Correct
____ Mary - cocktailBloody
99.1%
Ginger ____ - soft drinkAle
98.5%
____ and Tonic - cocktailGin
97.7%
PiƱa ____ - cocktailColada
97%
____ Fashioned - cocktailOld
96.1%
Long ____ Iced Tea - cocktailIsland
96.1%
____ Bull - energy drinkRed
95.4%
____ Russian - cocktailWhite
90.4%
Rusty ____ - cocktailNail
89.2%
____ Chocolate - dessert drinkHot
88.9%
____ Sunrise - cocktailTequila
84.9%
____ and Stormy - cocktailDark
84.9%
Hint Answer % Correct
Mint ____ - cocktailJulep
80.3%
____ Navel - cocktailFuzzy
76.1%
Michelob ____ - beerUltra
67.3%
____ Sling - cocktailSingapore
54.4%
____ Soda - cocktailVodka
52.8%
Cuba ____ - cocktailLibre
51.8%
Moscow ____ - cocktailMule
51.3%
____ cream - soft drinkEgg
48.8%
Orange ____ - cocktailZinger
48.6%
Pliny the ____ - beerYounger
36.2%
____ Royal - cocktailKir
25.1%
____ Sour - cocktailPisco
9.5%

Today's Daily Dose

Missing Word
Hayao Miyazaki

Word Ladder
Florida

On This Day
December 13th II

You're not logged in!

Compare scores with friends on all Sporcle quizzes.
OR
Log In

You Might Also Like...

Show Comments

Extras

Top Quizzes Today


Score Distribution

Your Account Isn't Verified!

In order to create a playlist on Sporcle, you need to verify the email address you used during registration. Go to your Sporcle Settings to finish the process.

Report this User

Report this user for behavior that violates our Community Guidelines.

Details: